<?xml version="1.0" encoding="UTF-8"?><?xml-stylesheet type="text/xsl" href="static/style.xsl"?><OAI-PMH xmlns="http://www.openarchives.org/OAI/2.0/" xmlns:xsi="http://www.w3.org/2001/XMLSchema-instance" xsi:schemaLocation="http://www.openarchives.org/OAI/2.0/ http://www.openarchives.org/OAI/2.0/OAI-PMH.xsd"><responseDate>2026-04-14T06:19:47Z</responseDate><request verb="GetRecord" identifier="oai:www.recercat.cat:2072/463549" metadataPrefix="marc">https://recercat.cat/oai/request</request><GetRecord><record><header><identifier>oai:recercat.cat:2072/463549</identifier><datestamp>2025-06-12T09:36:04Z</datestamp><setSpec>com_2072_98</setSpec><setSpec>col_2072_378192</setSpec></header><metadata><record xmlns="http://www.loc.gov/MARC21/slim" xmlns:dcterms="http://purl.org/dc/terms/" xmlns:xsi="http://www.w3.org/2001/XMLSchema-instance" xmlns:doc="http://www.lyncode.com/xoai" xsi:schemaLocation="http://www.loc.gov/MARC21/slim http://www.loc.gov/standards/marcxml/schema/MARC21slim.xsd">
   <leader>00925njm 22002777a 4500</leader>
   <datafield ind2=" " ind1=" " tag="042">
      <subfield code="a">dc</subfield>
   </datafield>
   <datafield ind2=" " ind1=" " tag="720">
      <subfield code="a">Nel·lo, Oriol,</subfield>
      <subfield code="e">author</subfield>
   </datafield>
   <datafield ind2=" " ind1=" " tag="720">
      <subfield code="a">Sabatini, Francisco</subfield>
      <subfield code="e">author</subfield>
   </datafield>
   <datafield ind2=" " ind1=" " tag="260">
      <subfield code="c">2022</subfield>
   </datafield>
   <datafield ind2=" " ind1=" " tag="520">
      <subfield code="a">El artículo explora las relaciones entre desigualdad social y segregación residencial en Barcelona, ciudad europea que ha sido presentada como modelo de políticas urbanas reformistas, y en Santiago de Chile, arquetipo del desarrollo urbano neoliberal en América Latina. El análisis muestra la complejidad de la relación entre la desigualdad y la segregación, y problematiza la existencia de una relación directa y simple entre una variable y otra, puesto que ambas se alimentan mutuamente, sus efectos pueden ser demorados en el tiempo y, en determinadas circunstancias, el incremento de la primera puede ir acompañado de una reducción de la segunda. Asimismo, se subrayan las convergencias y divergencias entre las políticas urbanas aplicadas en ambas ciudades, y se señala la importancia que los procesos históricos y las tendencias globales han tenido en su configuración. Finalmente, se indica la relevancia de la acción colectiva de la ciudadanía en la evolución de la segregación y de las políticas destinadas a hacerle frente.</subfield>
   </datafield>
   <datafield ind2=" " ind1=" " tag="520">
      <subfield code="a">L'article explora les relacions entre desigualtat social i segregació residencial a Barcelona, ciutat europea que ha estat presentada com a model de polítiques urbanes reformistes, i a Santiago de Xile, arquetip del desenvolupament urbà neoliberal a l'Amèrica Llatina. L'anàlisi mostra la complexitat de la relació entre la desigualtat i la segregació, i posa en qüestió l'existència d'una relació directa i simple entre una variable i l'altra, ja que totes dues s'alimenten mútuament, els seus efectes poden ser demorats en el temps i, en determinades circumstàncies, l'increment de la primera pot acompanyar-se d'una reducció de la segona. Així mateix, se subratllen les convergències i divergències entre les polítiques urbanes aplicades a les dues ciutats, i s'assenyala la importància que els processos històrics i les tendències globals han tingut en la seva configuració. Finalment, s'indica la rellevància de l'acció col·lectiva de la ciutadania en l'evolució de la segregació i de les polítiques destinades a fer-hi front.</subfield>
   </datafield>
   <datafield ind2=" " ind1=" " tag="520">
      <subfield code="a">The article explores the relationships between social inequality and residential segregation in Barcelona, a European city often presented as a model of reformist urban policies, and in Santiago de Chile, an archetype of neoliberal urban development in Latin America. The analysis shows the complexity of the relationship between inequality and segregation, problematizing the existence of a direct and simple relationship between one variable and another, since both feed each other, their effects can be delayed in time and, in certain circumstances, the increase in the first may be accompanied by a reduction in the second. Similarly, the convergences and divergences between the urban policies applied in both cities are underlined, pointing out the importance that historical processes and global trends have had in their configuration. Finally, the article points out the relevance of the collective action of citizens in the evolution of segregation and in the design of policies related to it.</subfield>
   </datafield>
   <datafield tag="653" ind2=" " ind1=" ">
      <subfield code="a">Desigualdad social</subfield>
   </datafield>
   <datafield tag="653" ind2=" " ind1=" ">
      <subfield code="a">Segregación residencial</subfield>
   </datafield>
   <datafield tag="653" ind2=" " ind1=" ">
      <subfield code="a">Políticas urbanas</subfield>
   </datafield>
   <datafield tag="653" ind2=" " ind1=" ">
      <subfield code="a">Desigualtat social</subfield>
   </datafield>
   <datafield tag="653" ind2=" " ind1=" ">
      <subfield code="a">Segregació residencial</subfield>
   </datafield>
   <datafield tag="653" ind2=" " ind1=" ">
      <subfield code="a">Polítiques urbanes</subfield>
   </datafield>
   <datafield tag="653" ind2=" " ind1=" ">
      <subfield code="a">Social inequality</subfield>
   </datafield>
   <datafield tag="653" ind2=" " ind1=" ">
      <subfield code="a">Residential segregation</subfield>
   </datafield>
   <datafield tag="653" ind2=" " ind1=" ">
      <subfield code="a">Urban policies</subfield>
   </datafield>
   <datafield ind2="0" ind1="0" tag="245">
      <subfield code="a">Segregación residencial y políticas urbanas : convergencias y contrastes entre Barcelona y Santiago de Chile</subfield>
   </datafield>
</record></metadata></record></GetRecord></OAI-PMH>